000
00192nam a2200085Ia 4500
008
170617s9999 xx 000 0 und d
100
_a
Oxford
245
2
_a
A to Z Grammer & Punctualtion
260
_b
Oxford
260
_c
2010
999
_c
15764
_d
15764